[Event "GER-ch int (Women)"]
[Site "Erfurt"]
[Date "2014.08.30"]
[Round "8"]
[White "Shmarina, Daria"]
[Black "Georgescu, Lena"]
[Result "1/2-1/2"]
[WhiteElo "1963"]
[BlackElo "1969"]
[PlyCount "72"]
[EventDate "2014.08.25"]
[EventType "swiss"]
[EventRounds "9"]
[EventCountry "GER"]
[SourceTitle "CBM 162 Extra"]
[Source "ChessBase"]
[SourceDate "2014.10.17"]
[SourceVersion "1"]
[SourceVersionDate "2014.10.17"]
[SourceQuality "1"]

1. e4 c5 2. c3 d5 3. exd5 Qxd5 4. d4 g6 5. Nf3 Bg7 6. Be2 Nf6 7. 0-0 0-0 8. c4 Qd6 9. Nc3 cxd4 10. Qxd4 Qxd4 11. Nxd4 Bd7 12. Ndb5 Nc6 13. Rd1 a6 14. Nc7 Rac8 15. N7d5 Nxd5 16. Nxd5 Bf5 17. g4 Be6 18. Be3 Bxd5 19. Rxd5 e6 20. Rd2 Ne5 21. Rc1 f5 22. gxf5 exf5 23. f4 Ng4 24. Bxg4 fxg4 25. Rg2 Rce8 26. Kf2 Bd4 27. Bxd4 Rxf4+ 28. Kg3 Rxd4 29. Rf2 Rd3+ 30. Kg2 Rde3 31. Rd1 Re2 32. Rd7 R8e7 33. Rd6 Rxf2+ 34. Kxf2 Kf7 35. c5 h5 36. b4 Rc7 1/2-1/2

[Event "GER-ch int (Women)"]
[Site "Erfurt"]
[Date "2014.08.25"]
[Round "1"]
[White "Wiemann, Vanessa"]
[Black "Shmarina, Daria"]
[Result "0-1"]
[WhiteElo "1202"]
[BlackElo "1963"]
[PlyCount "78"]
[EventDate "2014.08.25"]
[EventType "swiss"]
[EventRounds "9"]
[EventCountry "GER"]
[SourceTitle "CBM 162 Extra"]
[Source "ChessBase"]
[SourceDate "2014.10.17"]
[SourceVersion "1"]
[SourceVersionDate "2014.10.17"]
[SourceQuality "1"]

1. e4 d5 2. exd5 Nf6 3. Bc4 Nxd5 4. Bxd5 Qxd5 5. Nf3 Qe4+ 6. Kf1 Bg4 7. h3 Bh5 8. d3 Bxf3 9. Qxf3 Qxf3 10. gxf3 Nc6 11. Nc3 0-0-0 12. Be3 e5 13. Nb5 a6 14. Nc3 f5 15. Bg5 Re8 16. Re1 h6 17. Bf4 Bd6 18. Bh2 Nd4 19. Kg2 Nxc2 20. Re2 Nd4 21. Rd2 Rhf8 22. Re1 Rf6 23. Bg3 f4 24. Bh4 Rg6+ 25. Bg3 fxg3 26. fxg3 Nf5 27. g4 Rf8 28. Kf2 Nh4 29. Kg3 Nxf3 30. Ree2 e4+ 31. Kg2 Nxd2 32. Rxd2 e3 33. Re2 Bc5 34. Nd5 Rf2+ 35. Rxf2 exf2 36. Kf1 Re6 37. b4 Re1+ 38. Kg2 f1Q+ 39. Kg3 Qf2# 0-1

[Event "Kostroma Volga Cup op"]
[Site "Kostroma"]
[Date "2010.07.??"]
[Round "4"]
[White "Mulenko, Alexander"]
[Black "Shmarina, Daria"]
[Result "0-1"]
[WhiteElo "2114"]
[BlackElo "1865"]
[PlyCount "58"]
[EventDate "2010.07.??"]
[EventType "swiss"]
[EventRounds "9"]
[EventCountry "RUS"]
[SourceTitle "EXT 2011"]
[Source "ChessBase"]
[SourceDate "2010.11.26"]
[SourceVersion "1"]
[SourceVersionDate "2010.11.26"]
[SourceQuality "1"]

1. Nf3 Nf6 2. g3 c5 3. c4 b6 4. Bg2 Bb7 5. 0-0 g6 6. b3 Bg7 7. Bb2 0-0 8. e3 Na6 9. Qe2 d5 10. cxd5 Nb4 11. d3 Nbxd5 12. Rd1 Qc7 13. Na3 Rfd8 14. Rac1 Ba6 15. Be5 Qd7 16. Ne1 Rac8 17. Qb2 Qe6 18. d4 Bh6 19. dxc5 Nxe3 20. fxe3 Bxe3+ 21. Kh1 Ng4 22. Rxd8+ Rxd8 23. h3 Bxc1 24. Qxc1 Nf2+ 25. Kg1 Qxe5 26. Kxf2 Qe2+ 27. Kg1 Rd1 28. Qc3 Rxe1+ 29. Kh2 bxc5 0-1

[Event "Kostroma Volga Cup op"]
[Site "Kostroma"]
[Date "2010.07.??"]
[Round "1"]
[White "Shmarina, Daria"]
[Black "Tsarukian, Elis"]
[Result "1-0"]
[WhiteElo "1865"]
[BlackElo "2237"]
[PlyCount "73"]
[EventDate "2010.07.??"]
[EventType "swiss"]
[EventRounds "9"]
[EventCountry "RUS"]
[SourceTitle "EXT 2011"]
[Source "ChessBase"]
[SourceDate "2010.11.26"]
[SourceVersion "1"]
[SourceVersionDate "2010.11.26"]
[SourceQuality "1"]

1. e4 c5 2. c3 Nf6 3. e5 Nd5 4. d4 cxd4 5. Nf3 Nc6 6. cxd4 d6 7. Bc4 Nb6 8. Bb5 e6 9. 0-0 Bd7 10. Nc3 a6 11. Bd3 dxe5 12. dxe5 Qc7 13. Bf4 Be7 14. Rc1 Rd8 15. Qe2 h6 16. Rfd1 g5 17. Bg3 h5 18. h4 gxh4 19. Nxh4 Bg5 20. f4 Be7 21. Ne4 Nd5 22. Bb1 Rg8 23. Qxh5 Rxg3 24. Nxg3 Nxf4 25. Qh8+ Bf8 26. Rf1 Qb6+ 27. Kh2 Qxb2 28. Rxf4 Nxe5 29. Ng6 Nxg6 30. Qxb2 Nxf4 31. Ne4 f5 32. Ng5 Bc6 33. g3 Bd6 34. Qg7 Rd7 35. Qg8+ Ke7 36. Rd1 Bb4 37. gxf4 1-0

[Event "Wch U16 Girls"]
[Site "Kemer"]
[Date "2009.11.22"]
[Round "11"]
[White "Shmarina, Daria"]
[Black "Nguyen Thi Mai, Hung"]
[Result "1/2-1/2"]
[WhiteElo "1809"]
[BlackElo "2244"]
[PlyCount "92"]
[EventDate "2009.11.12"]
[EventType "swiss"]
[EventRounds "11"]
[EventCountry "TUR"]
[SourceTitle "EXT 2010"]
[Source "ChessBase"]
[SourceDate "2010.11.25"]
[SourceVersion "1"]
[SourceVersionDate "2010.11.25"]
[SourceQuality "1"]

1. e4 c5 2. c3 e6 3. d4 d5 4. e5 Nc6 5. Nf3 Qb6 6. a3 Bd7 7. b4 cxd4 8. cxd4 Be7 9. Nc3 f6 10. Be3 Rc8 11. Rc1 fxe5 12. dxe5 Qc7 13. Bf4 a6 14. Nd4 Nxd4 15. Qxd4 Qb8 16. Be2 Bd8 17. 0-0 Ne7 18. Bh5+ g6 19. Bg4 0-0 20. Rfe1 b5 21. Qd2 Rc4 22. Ne2 Nc6 23. g3 Bc7 24. Rxc4 bxc4 25. Nc3 Ne7 26. Bg5 Kf7 27. Bh6 Rg8 28. Ne4 Bxe5 29. Ng5+ Ke8 30. Nxe6 Qd6 31. f4 Bf6 32. f5 gxf5 33. Bh5+ Ng6 34. Ng5+ Be7 35. Nxh7 Kd8 36. Ng5 Kc8 37. Nf7 Qb6+ 38. Be3 Qc7 39. Qxd5 Kb8 40. Bxg6 Rxg6 41. Bf4 Qxf4 42. Qxd7 Rxg3+ 43. hxg3 Qxg3+ 44. Kf1 Qf3+ 45. Kg1 Qg3+ 46. Kf1 Qf3+ 1/2-1/2

[Event "Wch U16 Girls"]
[Site "Kemer"]
[Date "2009.11.12"]
[Round "1"]
[White "Gagare, Shalmali"]
[Black "Shmarina, Daria"]
[Result "1-0"]
[WhiteElo "2150"]
[BlackElo "1809"]
[PlyCount "88"]
[EventDate "2009.11.12"]
[EventType "swiss"]
[EventRounds "11"]
[EventCountry "TUR"]
[SourceTitle "EXT 2010"]
[Source "ChessBase"]
[SourceDate "2010.11.25"]
[SourceVersion "1"]
[SourceVersionDate "2010.11.25"]
[SourceQuality "1"]

1. c4 e5 2. g3 Nc6 3. Bg2 g6 4. Nc3 Bg7 5. Nf3 Nge7 6. d3 0-0 7. 0-0 d6 8. Rb1 Bg4 9. b4 a6 10. a4 Qd7 11. Nd5 Nxd5 12. cxd5 Ne7 13. Qb3 c6 14. dxc6 bxc6 15. Ba3 Be6 16. Qc2 Rfc8 17. Nd2 Rab8 18. Nc4 Nf5 19. e3 Ne7 20. Rfc1 Bd5 21. a5 Bxg2 22. Kxg2 Rc7 23. Nb6 Qg4 24. h3 Qe6 25. Qc4 Qxc4 26. dxc4 Rd8 27. b5 c5 28. Bb2 Ra7 29. Bc3 e4 30. Be1 Be5 31. f4 exf3+ 32. Kxf3 Bg7 33. g4 f5 34. Bh4 Rf8 35. Ke2 Bf6 36. Bg3 Be5 37. Bxe5 dxe5 38. Rd1 e4 39. Rd6 fxg4 40. hxg4 axb5 41. Rxb5 Nc8 42. Rd7 Nxb6 43. Rxa7 Nxc4 44. Rxc5 Na3 1-0

[Event "Rybinsk op"]
[Site "Rybinsk"]
[Date "2009.06.16"]
[Round "4"]
[White "Shmarina, Daria"]
[Black "Grigoryeva, Olga A"]
[Result "0-1"]
[WhiteElo "1762"]
[BlackElo "2027"]
[PlyCount "138"]
[EventDate "2009.06.14"]
[EventType "swiss"]
[EventRounds "9"]
[EventCountry "RUS"]
[SourceTitle "CBM 131 Extra"]
[Source "ChessBase"]
[SourceDate "2009.09.03"]
[SourceVersion "2"]
[SourceVersionDate "2009.09.16"]
[SourceQuality "1"]

1. e4 d5 2. exd5 Qxd5 3. Nc3 Qa5 4. d4 c6 5. Nf3 Nf6 6. h3 Bf5 7. Bd2 e6 8. Ne5 Qb6 9. Nf3 Nbd7 10. Be2 Ne4 11. 0-0 Nxd2 12. Qxd2 Bb4 13. a3 Bd6 14. Bd3 Bxd3 15. Qxd3 Nf6 16. Ne4 Be7 17. Rfe1 Rd8 18. Qe2 0-0 19. Neg5 Bd6 20. c4 Bf4 21. Ne4 Nxe4 22. Qxe4 Qc7 23. g3 Bh6 24. Rad1 Qa5 25. Qh4 Qf5 26. Kg2 Qc2 27. g4 Bf4 28. g5 Bb8 29. Rd2 Qxc4 30. g6 fxg6 31. Ng5 Qd5+ 32. Kg1 h6 33. Nxe6 Rde8 34. Rde2 Qd6 35. f4 Rf6 36. f5 gxf5 37. Nc5 Rxe2 38. Rxe2 Rg6+ 39. Kf1 b6 40. Nb7 Qf4+ 41. Qxf4 Bxf4 42. Nd8 Rf6 43. Re7 Bc1 44. b3 Bxa3 45. Rxa7 Bb2 46. Rd7 f4 47. d5 cxd5 48. Rxd5 f3 49. Kf2 Ba3 50. Rd1 Bc5+ 51. Kf1 Rg6 52. Ke1 f2+ 53. Ke2 Rg3 54. Nb7 Rxb3 55. Nxc5 bxc5 56. h4 Rh3 57. Rd8+ Kh7 58. Rc8 Rxh4 59. Rxc5 Rf4 60. Kf1 g5 61. Rc3 g4 62. Rg3 Kg6 63. Rg2 Kg5 64. Rh2 h5 65. Rh1 g3 66. Kg2 f1Q+ 67. Rxf1 Rxf1 68. Kxf1 Kf4 69. Kg2 Kg4 0-1

[Event "RUS-ch U16 Girls"]
[Site "Dagomys"]
[Date "2009.04.23"]
[Round "9"]
[White "Shmarina, Daria"]
[Black "Dibirova, Umayganat"]
[Result "1/2-1/2"]
[WhiteElo "1762"]
[BlackElo "1940"]
[PlyCount "70"]
[EventDate "2009.04.15"]
[EventType "swiss"]
[EventRounds "9"]
[EventCountry "RUS"]
[SourceTitle "CBM 130 Extra"]
[Source "ChessBase"]
[SourceDate "2009.07.02"]
[SourceVersion "2"]
[SourceVersionDate "2009.07.15"]
[SourceQuality "1"]

1. e4 c5 2. c3 Nf6 3. e5 Nd5 4. d4 cxd4 5. Nf3 Nc6 6. cxd4 e6 7. a3 d6 8. Bd3 Qc7 9. 0-0 dxe5 10. dxe5 Nxe5 11. Nxe5 Qxe5 12. Bb5+ Bd7 13. Bxd7+ Kxd7 14. Nc3 Bd6 15. g3 Nxc3 16. bxc3 Ke7 17. Rb1 b6 18. Bf4 Qc5 19. Bxd6+ Qxd6 20. Qg4 g6 21. Rbd1 Qxa3 22. Rd3 Rhd8 23. Qh4+ Ke8 24. Rf3 h5 25. Qf4 Rd7 26. Re1 Qe7 27. Qh6 Rd6 28. Re4 Qf8 29. Qg5 Rad8 30. Rfe3 R8d7 31. Kg2 Qg7 32. Rc4 Rd5 33. Qf4 Rf5 34. Qh4 Rfd5 35. Qf4 Rf5 1/2-1/2

[Event "RUS-ch U16 Girls"]
[Site "Dagomys"]
[Date "2009.04.16"]
[Round "2"]
[White "Shmarina, Daria"]
[Black "Bulatkhanova, Bika"]
[Result "0-1"]
[WhiteElo "1762"]
[BlackElo "2023"]
[PlyCount "48"]
[EventDate "2009.04.15"]
[EventType "swiss"]
[EventRounds "9"]
[EventCountry "RUS"]
[SourceTitle "CBM 130 Extra"]
[Source "ChessBase"]
[SourceDate "2009.07.02"]
[SourceVersion "2"]
[SourceVersionDate "2009.07.15"]
[SourceQuality "1"]

1. e4 d6 2. d4 Nf6 3. Nc3 g6 4. f4 Bg7 5. Nf3 c5 6. dxc5 Qa5 7. Qd3 Qxc5 8. Be3 Qa5 9. Be2 0-0 10. 0-0 Nc6 11. h3 Nh5 12. Kh2 Be6 13. Nd4 Nxd4 14. Bxd4 Qb4 15. Bxg7 Nxg7 16. f5 Bd7 17. Nd5 Qxb2 18. Nxe7+ Kh8 19. Qxd6 Rad8 20. fxg6 Bb5 21. Qf4 Bxe2 22. gxh7 Nh5 23. Qf5 Rd2 24. Rf2 Qxa1 0-1

[Event "RUS-chT Clubs U18"]
[Site "Rybinsk"]
[Date "2008.08.06"]
[Round "5"]
[White "Sanzhina, Olga"]
[Black "Shmarina, Daria"]
[Result "0-1"]
[WhiteElo "1877"]
[BlackElo "1757"]
[PlyCount "82"]
[EventDate "2008.08.02"]
[EventType "team"]
[EventRounds "9"]
[EventCountry "RUS"]
[SourceTitle "CBM 125 Extra"]
[Source "ChessBase"]
[SourceDate "2008.09.01"]
[SourceVersion "1"]
[SourceVersionDate "2008.09.01"]
[SourceQuality "1"]

1. e4 d5 2. exd5 Nf6 3. Bb5+ Bd7 4. Bc4 Bg4 5. f3 Bc8 6. Nc3 Nbd7 7. d3 Nb6 8. Bb3 Nbxd5 9. Ne4 Bf5 10. Ne2 e6 11. Bg5 Be7 12. N2g3 Bg6 13. Nxf6+ Nxf6 14. Qe2 0-0 15. 0-0-0 a5 16. a4 b5 17. Be3 c6 18. Kb1 Nd5 19. Ne4 Rb8 20. Bc5 bxa4 21. Bxd5 cxd5 22. Bd4 dxe4 23. dxe4 Qc7 24. h4 e5 25. Be3 Qc3 26. Bc1 Rxb2+ 27. Bxb2 Rb8 28. Kc1 Qxb2+ 29. Kd2 Bb4+ 30. Ke3 Bc5+ 31. Kd2 Qb4+ 32. c3 Rd8+ 33. Ke1 Qxc3+ 34. Kf1 Rxd1+ 35. Qxd1 h5 36. g3 Qe3 37. Kg2 f5 38. Qd5+ Kh7 39. Qxe5 fxe4 40. f4 Qf3+ 41. Kh3 Qxh1# 0-1

[Event "Rybinsk Yaroslavia op"]
[Site "Rybinsk"]
[Date "2008.06.16"]
[Round "3.13"]
[White "Arbuzov, Ivan"]
[Black "Shmarina, Daria"]
[Result "1/2-1/2"]
[WhiteElo "1761"]
[BlackElo "1787"]
[PlyCount "165"]
[EventDate "2008.06.15"]
[EventType "swiss"]
[EventRounds "9"]
[EventCountry "RUS"]
[SourceTitle "EXT 2022"]
[Source "ChessBase"]
[SourceDate "2021.10.06"]
[SourceVersion "1"]
[SourceVersionDate "2021.10.06"]
[SourceQuality "1"]

1. e4 e5 2. Nf3 Nf6 3. Nc3 Nc6 4. d4 exd4 5. Nxd4 Nxe4 6. Nxe4 Qe7 7. f3 d5 8. Nxc6 bxc6 9. Bd3 dxe4 10. fxe4 Qh4+ 11. g3 Qh3 12. Bf1 Qe6 13. Qf3 Bc5 14. Be3 Bb6 15. Bd3 0-0 16. 0-0 Qe5 17. Bxb6 cxb6 18. b3 Bh3 19. Rfe1 Bc8 20. Qf4 Re8 21. Rad1 g5 22. Qf2 Bg4 23. Rb1 b5 24. Kg2 Re6 25. Rf1 Bh5 26. Rbe1 a6 27. Re3 Rd8 28. h3 Rdd6 29. g4 Bg6 30. Rfe1 Rf6 31. Qe2 c5 32. a4 bxa4 33. bxa4 a5 34. Bc4 Rd4 35. c3 Rd7 36. Bd5 Rb6 37. Rd1 Re7 38. Re1 Re8 39. Rd1 Reb8 40. Rd2 Rb1 41. Bc4 Rc1 42. Rc2 Rbb1 43. Rxc1 Rxc1 44. Qd3 Ra1 45. Qc2 Qf4 46. Qe2 Rxa4 47. Bd5 Ra3 48. Rf3 Qe5 49. Qc4 Qe7 50. Rf1 a4 51. Kg1 h5 52. Kg2 hxg4 53. hxg4 Rb3 54. Qxa4 Rxc3 55. Rh1 Qd8 56. Rd1 Qc8 57. e5 c4 58. Bf3 Bc2 59. Qa5 Bxd1 60. Qxc3 Bxf3+ 61. Kxf3 Qc6+ 62. Ke3 Qc5+ 63. Qd4 Qa3+ 64. Ke4 Qc1 65. Kd5 c3 66. Kc4 c2 67. Qd8+ Kh7 68. Qd3+ Kg7 69. Kc3 Qa1+ 70. Kxc2 Qxe5 71. Qf3 Qf6 72. Qe3 Qc6+ 73. Kd3 Qd7+ 74. Qd4+ Qxd4+ 75. Kxd4 Kf6 76. Kd5 Ke7 77. Ke5 f6+ 78. Kf5 Kf7 79. Ke4 Ke6 80. Kf3 f5 81. gxf5+ Kxf5 82. Kg3 g4 83. Kg2 1/2-1/2